Akibat perlekeh kawan
| Main Author: | |
|---|---|
| Corporate Author: | |
| Format: | Book |
| Published: |
Selangor :
Eddiplex ,
2006
|
| Series: | Siri disiplin bawa tuah
|
| Subjects: |
MARC
| LEADER | 00000cam a2200000 7i4500 | ||
|---|---|---|---|
| 001 | 0000004259 | ||
| 005 | 20151222.0 | ||
| 008 | 070725 | ||
| 020 | |a 9838806846(set) | ||
| 020 | |a 9838806889 | ||
| 090 | 0 | 0 | |a JF |b MOR MAL (5507) |
| 100 | 0 | |a Evaliza | |
| 245 | 1 | 0 | |a Akibat perlekeh kawan |c Evaliza |
| 260 | |a Selangor : |b Eddiplex , |c 2006 | ||
| 440 | 0 | |a Siri disiplin bawa tuah | |
| 500 | |a Children ages 7-9 years old (orange) | ||
| 650 | 0 | |a Junior fiction |x Malay |x Languages | |
| 650 | 0 | |a Moral | |
| 710 | 0 | |a Title | |
| 999 | |a 0000975691 |b Book |c Children Collection |e Cawangan Bandar Tenggara | ||